000
00327nam a22001457a 4500
003
SGT
020
_a
9780853695714
082
_a
615.05
_b
C06D
100
_a
DHILLON, SORAYA,ed.
245
_a
CLINICAL PHARMACOKINETICS
260
_a
INDIA
_b
PHARMACEUTICAL PRESS
_c
2006
300
_a
262
650
_a
PHARMACY
942
_2
ddc
_c
BK
999
_c
22932
_d
22932